Riziká vybraných produktov na trhu
Potenciálne riziká vybraných produktov - stavebných výrobkov, ktoré ako výrobky pevne a trvalo zabudované do stavby by v prípade nedodržania technických požiadaviek na ich výrobu, prepravu skladovanie, používanie a likvidáciu znamenali mnohonásobne väčšie riziko ohrozenia zdravia, bezpečnosti a živo...
Gespeichert in:
| 1. Verfasser: | |
|---|---|
| Format: | Buchkapitel |
| Sprache: | Slowakisch |
| Schlagworte: | |
| Tags: |
Keine Tags, Fügen Sie das erste Tag hinzu!
|
MARC
| LEADER | 00000naa$a2200000$$$4500 | ||
|---|---|---|---|
| 001 | 0063562 | ||
| 005 | 20240502071732.0 | ||
| 041 | 0 | |a slo | |
| 044 | |a SK | ||
| 245 | 1 | 0 | |a Riziká vybraných produktov na trhu |c Tatiana Košútová |
| 520 | |a Potenciálne riziká vybraných produktov - stavebných výrobkov, ktoré ako výrobky pevne a trvalo zabudované do stavby by v prípade nedodržania technických požiadaviek na ich výrobu, prepravu skladovanie, používanie a likvidáciu znamenali mnohonásobne väčšie riziko ohrozenia zdravia, bezpečnosti a životného prostredia a to z dôvodu dlhodobého pôsobenia možných škodlivých faktorov, než ako je to u produktov s kratšou dobou životnosti. | ||
| 610 | 2 | 0 | |a stavebníctvo |
| 610 | 2 | 0 | |a hmoty stavebné |
| 610 | 2 | 0 | |a materiál |
| 610 | 2 | 0 | |a výrobky stavebné |
| 610 | 2 | 0 | |a ochrana zdravia |
| 610 | 2 | 0 | |a prostredie životné |
| 100 | 1 | |a Košútová, Tatiana, 1962- | |